| Поле | Инд. | ПП | Название | Значение |
|---|---|---|---|---|
| Тип записи | a | |||
| Библиографический уровень | b | |||
| 001 | Контрольный номер | RU/IS/BASE/185984298 | ||
| 005 | Дата корректировки | 20220715140347.1 | ||
| 008 | Кодируемые данные | 20051122 | ||
| 084 | a | Индекс другой классификации/Индекс ББК | 60.561.51 | |
| a | Индекс другой классификации/Индекс ББК | 60.561.28 | ||
| 100 | 1_ | a | Автор | Антонов А. И. |
| q | Полное имя | Антонов Анатолий Иванович | ||
| 100 | 1_ | a | Автор | Малявин С. И. |
| q | Полное имя | Малявин Сергей Иванович | ||
| 245 | a | Заглавие | Исследования образа жизни сельской семьи | |
| b | Продолж. заглавия | (результаты одновременного опроса отцов, матерей и их детей в двадцати регионах России) | ||
| 504 | a | Библиография | Библиогр. ссылки. - Примеч. | |
| 650 | a | Основная рубрика | социология | |
| a | Основная рубрика | социология семьи | ||
| a | Основная рубрика | экономическая социология | ||
| 653 | a | Ключевые слова | детско-родительские отношения | |
| a | Ключевые слова | домашние хозяйства (домохозяйства) | ||
| a | Ключевые слова | досуг | ||
| a | Ключевые слова | доходы семьи | ||
| a | Ключевые слова | образ жизни | ||
| a | Ключевые слова | родители | ||
| a | Ключевые слова | сельская жизнь | ||
| a | Ключевые слова | сельская молодежь | ||
| a | Ключевые слова | сельская семья | ||
| a | Ключевые слова | семейные отношения | ||
| a | Ключевые слова | семейные ценности | ||
| a | Ключевые слова | семья | ||
| a | Ключевые слова | социализация подростков | ||
| a | Ключевые слова | социология домашнего хозяйства | ||
| a | Ключевые слова | условия жизни | ||
| a | Ключевые слова | ценностные ориентации | ||
| 773 | t | Заглавие источника | Вестник Московского университета. Серия 18, Социология и политология | |
| d | Дата издания источника | 2005 | ||
| g | Прочая информация | № 3. - С. 123 - 135 | ||
| w | Контрольный № источника | RU/IS/BASE/184253657 | ||
| 901 | t | Тип документа | b |